000 00838nam a22002177a 4500
003 UA-OsUOA
001 82677
007 ta
008 20120315b un ||||| |||| 00| 0 ukr d
100 _aСавина Е.К.
090 _a81
_bС13
942 _cSA
040 _aUA-OsUOA
_brus
_cUA-OsUOA
_dUA-OsUOA
245 _aИнструменты повышения эффективности письменной коммуникации в современном бизнес-пространстве - когнитологические аспекты.
300 _aС,69-73 с.
955 _a0
041 _arus
080 _a81
773 0 _w82671
_tВопросы филологических наук
_dМ.
_d2011
_g6
650 7 _a8 Мовознавство. Художня література. Літературознавство
_2UDC
999 _c368988
_d368988